000 00517cam a22002292a 4500
001 022922
003 AR-FADEU
008 311216n1998####xxu####################dd
020 _a0-446-51979-0
092 _a813.54
_bB877
100 _aBrown, Sandra
245 _aUnspeakable
260 _aNew York
260 _bWarne Book
260 _c1998
300 _a346 p
440 _aTimes bestselling
500 _aNovela
650 _aLITERATURA NORTEAMERICANA-NOVELA
546 _aInglés
942 _cBDGR
999 _c28617
_d28617